Méthodes d'étude quantitative de la végétation
Uloženo v:
| Hlavní autor: | |
|---|---|
| Médium: | Kniha |
| Jazyk: | francouzština |
| Vydáno: |
París, Francia
Masson
1969
|
| Témata: | |
| Tagy: |
Přidat tag
Žádné tagy, Buďte první, kdo vytvoří štítek k tomuto záznamu!
|
MARC
| LEADER | 00000nam a2200000 a 4500 | ||
|---|---|---|---|
| 001 | UCT5422 | ||
| 003 | CL-VaPUC | ||
| 005 | 20230411074544.0 | ||
| 008 | 961211e19690000FR |||||||||||||||||fre|d | ||
| 999 | |c 254359 |d 254357 | ||
| 040 | |c Pontificia Universidad Católica de Valparaíso | ||
| 082 | 0 | 4 | |a 581.072 GOU 1969 |2 21 |
| 100 | 0 | |a Gounot, M |9 374881 | |
| 245 | 1 | 0 | |a Méthodes d'étude quantitative de la végétation |
| 260 | 0 | 3 | |a París, Francia |b Masson |c 1969 |
| 300 | |a 314 páginas | ||
| 583 | |a last modification |c 19961211 00:00:00 |k Rodrigo Vera | ||
| 650 | 0 | |a Vegetación |9 264748 | |
| 650 | 0 | |a Plantas |9 264555 | |
| 650 | 0 | |a Botánica |9 264202 | |
| 650 | 0 | |a Ecología |9 258124 | |
| 650 | 0 | |a Evolución |9 259442 | |
| 650 | 0 | |a Investigación |9 257811 | |
| 942 | |c BK |2 ddc | ||
| 945 | |d 19961211 00:00:00 |a paguirre | ||
| 952 | |0 0 |1 0 |2 ddc |4 0 |6 581_072000000000000_GOU_1969 |7 0 |8 A |9 276000 |a BIBCUR |b BIBCUR |d 2019-11-19 |i 1795589 |o 581.072 GOU 1969 |p 1795589 |r 2025-04-22 |t 1 |w 2019-11-19 |y BK |k BIO | ||